LEADER 01071nam a2200217 i 4500 001 000000154894 003 CaOOAMICUS 005 20061027000000.0 008 061027s1911 it u000 u fre u 013 $a132243 040 $aSeMil$bita 100 1 $aPoggi, Giovanni.$0(OLS)http://semarc/name/4246 245 12$aL'Eglise de S. Maria del Fiore ā Florence /$csoixantequatre illustrations avec texte par G. Poggi. 260 $aMilano :$bBonomi,$c1911. 300 $a30 p., [64] p. di tav. ;$c15 cm. 490 0 $aL'Italia monumentale : collezione di monografie sotto il patronato della Dante Alghieri e del Touring Club Italiano ;$v5 830 2$aL'Italia monumentale : collezione di monografie sotto il patronato della Dante Alghieri e del Touring Club Italiano ;$v5.$0(OLS)http://semarc/title/22037 850 $aSeMil 852 $aSeMil$W1$xVenegono$y1$m5N I 51$j106746$B106746$CSeMilBibl$Z2$F115981 $81 996 $6245$aL'Eglise de S. Maria del Fiore ā Florence$9(OLS)http://semarc/title/226774 996 $6260$aMilano :$bBonomi$9(OLS)http://semarc/publisher/34461 LEADER 01126nam a2200229 i 4500 001 000000001673 003 CaOOAMICUS 005 20260327142529.0 008 180830s19621964gw u000 u ger u 040 $aSeMil$bita 100 1 $aEichrodt, Walther D.$0(OLS)http://semarc/name/3737 245 10$aTheologie des Alten Testaments /$cvon Walther Eichrodt. 264 1$aStuttgart :$bEhrenfried Klotz ;$aGöttingen :$bVandenhoeck & Ruprecht,$c1962-1964. 300 $a3 v. (in 2 tomi) ;$c25 cm 650 4$aBibbia. Nuovo Testamento - Teologia.$0(OLS)http://semarc/subject/2289 650 4$aTeologia biblica - NT.$0(OLS)http://semarc/subject/595 774 0 $aEichrodt, Walther D.$tGott und Volk.$b7. durchgesehene Aufl.$g1$w()61101 774 0 $aEichrodt, Walther D.$tGott und Welt ; Gott und Mensch.$b5. durchgesehene Aufl.$g2-3$w()65460 996 $6245$aTheologie des Alten Testaments$9(OLS)http://semarc/title/2742 996 $6264$aStuttgart :$bEhrenfried Klotz$9(OLS)http://semarc/publisher/62851 996 $6264$aGöttingen :$bVandenhoeck & Ruprecht$9(OLS)http://semarc/publisher/29697